000 00920nas a2200313 4500
001 BR7900858
003 BR-BrBNA
005 20231205083630.0
007 ta
008 230509b bl.|||p| |||| 00| 00por d
040 _aBR-BrBNA
_bpor
_cBiblioteca Nacional de Agricultura
041 _a(Pt)
072 _aF60
100 1 _aVasconcellos, C.A.
100 1 _aFortes, J.M.
100 1 _aStamford, N.P.
100 1 _aFernandes, J.
100 1 _aSantos, Z.G. dos
100 1 _aMalavolta, E.
245 1 _aAtividade de reductase do nitrato em milho (Zea mays L. var. "Piranao")em niveis crescentes de nitrogenio
650 _aNUTRICAO VEGETAL
650 _aMILHO
650 _aREDUCTASE
650 _aNITRATO
650 _aNITROGENIO
773 0 _tRevista Ceres (Brazil)
_xISSN 0034-737X
_g(May 1978), v. 25(139) p. 218-227
_wBR7900858
909 _a202311
_bLúcia
_c55
_dLúcia Elande
942 _2AGRIS
_n0
_cANA
999 _c100188
_d100188